Rammstein Members - Statistics

General Stats
  • This quiz has been taken 677 times
  • The average score is 5 of 6
Answer Stats
Hint Answer % Correct
Till Lindemann
100%
Richard Kruspe
92%
Christian Lorenz
91%
Paul Landers
87%
Christoph Schneider
83%
Oliver Riedel
83%
No matching quizzes found
Score Distribution
Percent of People with Each Score
Percentile by Number Answered
Your Score History
You have not taken this quiz